Advanced English Conversation Practice /

Na minha lista:
Detalhes bibliográficos
Main Authors: Rejtharová, Vlasta (Author), Vařecha, Vladimír (Author), Urbanová, Věra (Author)
Formato: Livro
Idioma:inglês
Publicado em: Praha : Státní pedagogické nakladatelství, 1979
Assuntos:
Tags: Adicionar Tag
Sem tags, seja o primeiro a adicionar uma tag!

MARC

LEADER 00000nam a22000003a 4500
001 stu43899
005 20150617225717.7
008 950112s1979----cs------------------eng-d
040 |a STU  |b slo 
041 0 |a eng 
044 |a cs 
080 |a 802.0(075.8) 
100 1 |a Rejtharová, Vlasta  |4 aut 
245 1 |a Advanced English Conversation Practice /  |c [aut.]Vladimír Vařecha, Věra Urbanová, Vlasta Rejtharová 
260 |a Praha :  |b Státní pedagogické nakladatelství,  |c 1979 
300 |a 271 s 
650 7 |a angličtina  |2 stusub 
700 1 |a Vařecha, Vladimír  |4 aut 
700 1 |a Urbanová, Věra  |4 aut 
996 |b 284M035794  |c M*2349-1  |l MMKN  |s A  |a 24  |w stu43899_0001